Từ vựng tiếng Nhật ( Học theo phương pháp mới)

محفوظ في:
التفاصيل البيبلوغرافية
المؤلف الرئيسي: Eguchi, Shigeru
التنسيق: كتاب
اللغة:Undetermined
منشور في: Hà Nội Thanh niên 2004
الموضوعات:
الوسوم: إضافة وسم
لا توجد وسوم, كن أول من يضع وسما على هذه التسجيلة!
Thư viện lưu trữ: Trung tâm Học liệu Trường Đại học Cần Thơ
LEADER 00647nam a2200217Ia 4500
001 CTU_90897
008 210402s9999 xx 000 0 und d
020 |c 26000 
082 |a 495.6 
082 |b E28 
100 |a Eguchi, Shigeru 
245 0 |a Từ vựng tiếng Nhật 
245 0 |b ( Học theo phương pháp mới) 
245 0 |c Shigeru Eguchi; Nhân Văn biên dịch 
260 |a Hà Nội 
260 |b Thanh niên 
260 |c 2004 
650 |a Japanese language 
650 |x Textbooks for foreign speakers 
904 |i Năm (Nguyên sửa) 
980 |a Trung tâm Học liệu Trường Đại học Cần Thơ